Score 0/18 Timer 05:00
1 Play Today
Scrambled Movie Unscrambled Movie % Correct
82 SDYA28 Days
97.9%
SEPEDSpeed
97.3%
NUG YHSGun Shy
95.9%
HET DILBN DISEThe Blind Side
93.8%
LAL OTUBA TEEVSAll About Steve
92.7%
SIMS YENTIGONALCIMiss Congeniality
88.6%
HELIW UYO REEW PINELEGSWhile You Were Sleeping
86.5%
Actress staring in these films:Sandra Bullock
86%
WOT SKEWE CETIONTwo Weeks Notice
83.5%
Scrambled Movie Unscrambled Movie % Correct
RUMRED YB SUBREMNMurder by Numbers
73.9%
SCHRACrash
68.7%
PHOE LASTOFHope Floats
65.4%
IMOLTEDINO NMADemolition Man
61.1%
CALTPAICR AMIGCPractical Magic
59.6%
ROFSEC FO RUNEATForces of Nature
50.1%
BROVEYOLLoverboy
39.3%
SOFAUMNIInfamous
39.1%
SWINGLTER SENTER WHAMENYIGWrestling Ernest Hemingway
6.1%
Remove Ads.
Support Sporcle.
Get the best of Sporcle when you Go Orange. This ad-free experience offers more features, more stats, and more fun while also helping to support Sporcle. Thank you for becoming a member.

You're not logged in!

Compare scores with friends on all Sporcle quizzes.
OR
Log In

Show Comments

Extras

Top Quizzes Today


Score Distribution

Your Account Isn't Verified!

In order to create a playlist on Sporcle, you need to verify the email address you used during registration. Go to your Sporcle Settings to finish the process.

Report this User

Report this user for behavior that violates our Community Guidelines.

Details: